[Event "Challenge"]
[Site "http://www.queenalice.com/game.php?id=101396"]
[Date "2006.9.1"]
[Round "-"]
[White "Susi"]
[Black "deferreira"]
[Result "0-1"]
[WhiteElo "1100"]
[BlackElo "1586"]

1. e4 Nc6 2. d4 e5 3. d5 Nd4 4. c3 Bc5 5. cxd4 Bxd4 6. Nf3 Nf6 7. Bd3 Ng4 8. O-O
O-O 9. Nxd4 Qh4 10. Be3 Qxh2# 0-1

[Event "Challenge"]
[Site "http://www.queenalice.com/game.php?id=103858"]
[Date "2006.9.8"]
[Round "-"]
[White "raskolnikoff"]
[Black "deferreira"]
[Result "0-1"]
[WhiteElo "1635"]
[BlackElo "1592"]

1. e4 e5 2. Nf3 f6 3. Nxe5 fxe5 4. Qh5+ g6 5. Qxe5+ Qe7 6. Qxh8 Nf6 7. d3 d5 8.
Bg5 Qg7 9. Qxg7 Bxg7 10. e5 Ng4 11. d4 a6 12. Bd3 Nc6 13. Nc3 Nxd4 14. f4 Be6
15. h3 Ne3 16. Kf2 Nef5 17. g4 Ne7 18. Bxe7 Kxe7 19. Rhe1 h5 20. f5 gxf5 21.
gxf5 Nxf5 22. Bxf5 Rf8 23. Kg3 Rxf5 24. Kh4 Bxe5 25. Re2 Bf6+ 26. Kg3 h4+ 27.
Kg2 d4 28. Ne4 Bd5 29. Kg1 Be5 30. Nf2 Rg5+ 31. Ng4 Kd6 32. Rae1 Bg3 33. Rd1 c5
34. b3 Bf3 35. Red2 Bxd1 36. Rxd1 Kd5 37. c3 Rxg4 38. cxd4 Rxd4 0-1

[Event "deferreira X garotynho"]
[Site "http://www.queenalice.com/game.php?id=104068"]
[Date "2006.9.9"]
[Round "-"]
[White "garotynho"]
[Black "deferreira"]
[Result "0-1"]
[WhiteElo "1754"]
[BlackElo "1650"]

1. e4 Nc6 2. c3 Nf6 3. f3 e5 4. Bb5 Bc5 5. Bxc6 dxc6 6. b4 Bb6 7. Ne2 Nh5 8. g3
Qd3 9. Ng1 Be6 10. Qe2 Rd8 11. Qxd3 Rxd3 12. Kd1 Bc4 13. Na3 Bb3+ 14. axb3 O-O
15. Nc4 f6 16. Ba3 Rfd8 17. Bc1 Rxc3 18. Nxb6 cxb6 19. Ne2 Rxb3 20. Rxa7 Rb8 21.
g4 Nf4 22. Nxf4 exf4 23. Ke2 Rb1 24. Rd1 Rxb4 25. Ba3 Rb3 26. Bd6 Rd8 27. Bxf4
Rd7 28. Ra8+ Kf7 29. h4 c5 30. d3 g6 31. g5 b5 32. gxf6 Kxf6 33. Rf8+ Ke6 34.
Re8+ Kf7 35. Rh8 Ke6 36. Re8+ Kf7 37. Re5 c4 38. Rd5 Rxd5 39. exd5 c3 40. Be5 b4
41. Rc1 Ke7 42. f4 Rb2+ 43. Kd1 Rd2+ 44. Ke1 Rh2 45. Kd1 Rd2+ 46. Ke1 Rh2 47.
Rd1 c2 48. Rc1 b3 49. Bb2 Kd6 50. Be5+ Kxd5 51. Ra1 Rh1+ 52. Kd2 Rb1 53. Bb2
Rxb2 54. Kc1 Ra2 55. Rxa2 bxa2 56. Kb2 a1=Q+ 57. Kxc2 b5 58. Kb3 Qa4+ 59. Kc3 h5
60. Kd2 b4 61. Ke3 b3 62. f5 gxf5 63. d4 b2 64. Kf4 b1=Q 65. Kg5 Qg1+ 66. Kxh5
Qg4+ 67. Kh6 Qc6+ 68. Kh7 Qcg6+ 69. Kh8 Q4h5# 0-1

[Event "Challenge"]
[Site "http://www.queenalice.com/game.php?id=104335"]
[Date "2006.9.10"]
[Round "-"]
[White "Susi"]
[Black "deferreira"]
[Result "1/2-1/2"]
[WhiteElo "1262"]
[BlackElo "1559"]

1. e4 d5 2. exd5 Qxd5 3. Nc3 Qe5+ 4. Be2 Nc6 5. Nf3 Qc5 6. d4 Nxd4 7. Nxd4 a6 8.
Be3 e5 9. Nb3 Qc6 10. O-O Nf6 11. Nc5 Bxc5 12. a4 O-O 13. a5 Bd7 14. Qd3 Rad8
15. Bf3 e4 16. Bxe4 Bf5 17. Qxd8 Bxe4 18. Qd2 Bxg2 19. Rfe1 Nh5 20. Bxc5 Qg6 21.
Re7 Bh3+ 22. Kh1 Bg2+ 1/2-1/2

[Event "Challenge"]
[Site "http://www.queenalice.com/game.php?id=104662"]
[Date "2006.9.11"]
[Round "-"]
[White "dtrainey"]
[Black "deferreira"]
[Result "0-1"]
[WhiteElo "1543"]
[BlackElo "1636"]

1. c4 e5 2. d4 Bb4+ 3. Bd2 Qe7 4. a3 Bxd2+ 5. Qxd2 Nh6 6. e4 Qh4 7. Nc3 d5 8.
Nxd5 Qxe4+ 9. Qe3 Qxe3+ 10. Nxe3 exd4 11. Nd5 Kd7 12. h3 Nc6 13. Nf3 Re8+ 14.
Kd2 Kd6 15. Bd3 a5 16. Rhe1 Be6 17. Nf4 a4 18. Re4 Bxc4 19. Rxe8 Rxe8 20. Bxc4
Na5 21. Rc1 c5 22. Bb5 Rc8 23. Bxa4 Rb8 24. Kd3 f6 25. b4 c4+ 26. Kxd4 Nf5+ 27.
Ke4 b5 28. Rd1+ Kc6 29. Nd4+ Nxd4 30. Rxd4 bxa4 31. bxa5 Re8+ 32. Kf3 Kb5 33.
Rd5+ Kc6 34. Rd4 Kb5 35. Rd5+ Kc6 36. g4 g5 37. Rf5 gxf4 38. Rxf6+ Kc5 39. Rxf4
c3 40. a6 c2 41. Rf5+ Kd6 42. Rf6+ Re6 43. g5 c1=Q 0-1

[Event "Os Ferreiras"]
[Site "http://www.queenalice.com/game.php?id=104765"]
[Date "2006.9.11"]
[Round "-"]
[White "paulorobinsonben"]
[Black "deferreira"]
[Result "1-0"]
[WhiteElo "1673"]
[BlackElo "1652"]

1. d4 c6 2. e4 e5 3. dxe5 Qa5+ 4. Nc3 Bb4 5. Bd2 Qxe5 6. Nf3 Qe7 7. Bd3 Bxc3 8.
Bxc3 Nh6 9. g3 d5 10. Bxg7 Rg8 11. Bxh6 Bg4 12. Qe2 Nd7 13. exd5 Ne5 14. Qe3
Nxf3+ 15. Kf1 Qxe3 16. fxe3 cxd5 17. Bf4 f6 18. Kf2 Kf7 19. e4 Rad8 20. exd5 a6
21. d6 Nd4 22. c3 Ne6 23. Rae1 b5 24. a4 Nc5 25. Re7+ Kf8 26. Bh6+ Rg7 27. Bxg7+
Kg8 28. Bxh7+ Kxh7 29. Bxf6+ Kg8 30. Rg7+ Kf8 31. Rxg4 Rxd6 32. Bg7+ Kf7 33. Re1
Nd3+ 34. Kf1 Nxe1 35. Kxe1 bxa4 36. Bd4 Rd5 37. h4 Ra5 38. Re4 a3 39. bxa3 Rxa3
40. Ke2 Ra2+ 41. Kd3 a5 42. h5 Kg8 43. g4 Rg2 44. Bb6 Ra2 45. g5 Rg2 46. g6 Kf8
47. Bc5+ Kg7 48. Bd4+ Kh6 49. g7 Kh7 50. Kc4 a4 51. Kb4 Ra2 52. Rg4 1-0

[Event "Challenge"]
[Site "http://www.queenalice.com/game.php?id=105247"]
[Date "2006.9.12"]
[Round "-"]
[White "Chessmachado"]
[Black "deferreira"]
[Result "0-1"]
[WhiteElo "1604"]
[BlackElo "1613"]

1. d4 c6 2. e4 d5 3. Nc3 e6 4. a3 e5 5. Be3 Nf6 6. dxe5 Ng4 7. Bf4 Bc5 8. Bg3
Qb6 9. Qd2 Qxb2 10. Ra2 Qb6 11. Na4 Qb1+ 12. Qd1 Qxa2 13. Nxc5 Qxa3 14. Qd4 Qa5+
15. Kd1 O-O 16. h3 Rd8 17. Nd3 dxe4 18. Qxe4 Na6 19. hxg4 g6 20. f4 Bxg4+ 21.
Nf3 Qc3 22. Be1 Qa1+ 23. Ke2 Qa2 24. Nf2 Bf5 25. Qe3 Qc4+ 26. Nd3 Qxc2+ 27. Nd2
Rxd3 28. Qf2 Bg4+ 0-1

[Event "Challenge"]
[Site "http://www.queenalice.com/game.php?id=105956"]
[Date "2006.9.14"]
[Round "-"]
[White "Junior_Colegiao"]
[Black "deferreira"]
[Result "0-1"]
[WhiteElo "1618"]
[BlackElo "1559"]

1. e4 e5 2. Nf3 Bc5 3. Bc4 Qf6 4. Be2 Nh6 5. Nc3 Ng4 6. O-O Qb6 7. d4 exd4 8.
Nd5 Qd6 9. Bf4 Qg6 10. Nh4 Qxe4 11. Bf3 Qe7 12. Nxe7 Bxe7 13. Nf5 Bf6 14. Re1+
Kd8 15. Bxg4 Nc6 16. Qf3 d6 17. Nxg7 Bxg7 18. Bg5+ Ne7 19. Bxe7+ Ke8 20. Bf6+
Kf8 0-1

[Event "Mais Uma?!?"]
[Site "http://www.queenalice.com/game.php?id=110086"]
[Date "2006.9.26"]
[Round "-"]
[White "Archer"]
[Black "deferreira"]
[Result "0-1"]
[WhiteElo "1295"]
[BlackElo "1633"]

1. e3 a6 2. Nc3 d5 3. Nf3 Bg4 4. Bb5+ axb5 5. Nxb5 Nc6 6. Nc3 e5 7. h3 e4 8.
hxg4 g6 9. Nd4 Nxd4 10. exd4 Bg7 11. Nb5 c6 12. Na3 Bxd4 13. f3 Qd6 14. fxe4
Qg3+ 15. Ke2 Qxg2+ 16. Kd3 Qxe4# 0-1

[Event "FERREIRA X JACOBI"]
[Site "http://www.queenalice.com/game.php?id=112932"]
[Date "2006.10.4"]
[Round "-"]
[White "deferreira"]
[Black "everton_jacobi"]
[Result "1-0"]
[WhiteElo "1621"]
[BlackElo "1278"]

1. e3 d5 2. d4 Nf6 3. Nc3 g6 4. Nf3 Bg7 5. Bd3 O-O 6. Bd2 Nbd7 7. O-O b6 8. e4
dxe4 9. Nxe4 Bb7 10. Re1 c5 11. c3 Re8 12. Rc1 e5 13. Nd6 Bxf3 14. Qxf3 Re6 15.
Nxf7 Kxf7 16. Bc4 Qe8 17. dxe5 Nxe5 18. Rxe5 Kf8 19. Rxe6 1-0

[Event "Challenge"]
[Site "http://www.queenalice.com/game.php?id=113069"]
[Date "2006.10.4"]
[Round "-"]
[White "deferreira"]
[Black "gilsinho22"]
[Result "1-0"]
[WhiteElo "1673"]
[BlackElo "1386"]

1. e4 e5 2. Nf3 d6 3. Bc4 Nf6 4. h3 h6 5. Nc3 Nc6 6. d4 exd4 7. Nxd4 Qe7 8. Qf3
Nxd4 9. Qd3 c5 10. O-O Qe5 11. f4 Qh5 12. Be3 Be6 13. Bxd4 cxd4 14. Qxd4 Qc5 15.
Bb5+ Bd7 16. Bxd7+ Nxd7 17. Qxc5 Nxc5 18. Rad1 O-O-O 19. b4 Ne6 20. a4 g5 21.
fxg5 Nxg5 22. h4 Ne6 23. Rxf7 Rd7 24. Rxd7 Kxd7 25. e5 d5 26. Nxd5 Bxb4 27.
Nxb4+ Ke7 28. Rd6 Rc8 29. Nd5+ Kf7 30. Rd7+ Kg6 31. Ne7+ Kh5 32. Nxc8 Nc5 33.
Rd6 Kxh4 34. Rxh6+ Kg5 35. Rf6 a6 36. Nb6 Ne4 37. Rf3 Nc5 38. Kf2 Ne4+ 39. Ke3
Nc5 40. Rf7 Ne6 41. Rxb7 Kf5 42. Nc4 Nf4 43. Rf7+ Kg4 44. Rxf4+ Kg3 45. e6 Kxg2
46. Rf3 a5 47. e7 Kg1 48. e8=Q Kg2 49. Qg6+ Kh2 50. Kf2 Kh1 51. Qg2# 1-0

[Event "iniciantes!!!"]
[Site "http://www.queenalice.com/game.php?id=113082"]
[Date "2006.10.4"]
[Round "-"]
[White "tania"]
[Black "deferreira"]
[Result "0-1"]
[WhiteElo "1048"]
[BlackElo "1633"]

1. d4 d5 2. Bg5 f6 3. Bf4 g5 4. Be3 b6 5. g3 Nc6 6. Bg2 h5 7. h4 g4 8. f3 Qd7 9.
Qd3 e5 10. dxe5 Nxe5 11. fxg4 Nxd3+ 12. Kd1 Nxb2+ 13. Ke1 Qd6 14. Nd2 Qxg3+ 15.
Bf2 Qxg2 16. Ngf3 Qxh1+ 17. Ng1 hxg4 18. e4 g3 19. Bxg3 Qxg1+ 20. Ke2 Bg4+ 21.
Nf3 Qg2+ 22. Ke3 Qxf3+ 23. Kd4 Bc5+ 24. Kxd5 Ne7# 0-1

[Event "E ae tah pronto??"]
[Site "http://www.queenalice.com/game.php?id=113584"]
[Date "2006.10.5"]
[Round "-"]
[White "deferreira"]
[Black "alequis"]
[Result "1-0"]
[WhiteElo "1604"]
[BlackElo "1362"]

1. Nf3 d5 2. g3 Bg4 3. Bg2 Nd7 4. c4 dxc4 5. Na3 Ngf6 6. Nxc4 Bxf3 7. Bxf3 c6 8.
d4 e6 9. O-O Be7 10. e4 b5 11. Ne3 e5 12. Nf5 O-O 13. a4 b4 14. Be3 Re8 15. Rc1
Rc8 16. b3 a5 17. Qd3 h6 18. Qa6 Nb8 19. Qc4 Bf8 20. Rfd1 exd4 21. Rxd4 Nbd7 22.
Rcd1 c5 23. R4d3 Qc7 24. Bf4 Ne5 25. Bxe5 Qxe5 26. Re3 g6 27. Nh4 h5 28. Nxg6
Bh6 29. Nxe5 Bxe3 30. Qxf7+ Kh8 31. Ng6# 1-0

[Event "Não existe 1° sem 2°!!!"]
[Site "http://www.queenalice.com/game.php?id=113585"]
[Date "2006.10.5"]
[Round "-"]
[White "deferreira"]
[Black "Surfgirlbrasil"]
[Result "1-0"]
[WhiteElo "1646"]
[BlackElo "1392"]

1. e4 d5 2. c3 Qd7 3. e5 e6 4. d4 Nf6 5. Bd3 c5 6. exf6 gxf6 7. Na3 c4 8. Bc2
Bxa3 9. bxa3 Nc6 10. Qg4 f5 11. Qg7 Rf8 12. Bh6 Kd8 13. Qxf8+ Qe8 14. Bg5+ Kd7
15. Qxe8+ Kxe8 16. Rb1 a6 17. Nf3 b5 18. a4 Nd8 19. Bxd8 Kxd8 20. Ne5 Kc7 21.
Nxf7 Bd7 22. Ne5 Be8 23. h3 Kb6 24. axb5 axb5 25. a4 Ra7 26. Kd2 Ka5 27. axb5
Bxb5 28. Ra1+ Kb6 29. Rxa7 Kxa7 30. g4 f4 31. Bxh7 f3 32. h4 Kb7 33. h5 Kc7 34.
h6 1-0

[Event "às forras"]
[Site "http://www.queenalice.com/game.php?id=113984"]
[Date "2006.10.6"]
[Round "-"]
[White "alequis"]
[Black "deferreira"]
[Result "1-0"]
[WhiteElo "1441"]
[BlackElo "1672"]

1. e4 e5 2. Nf3 Nf6 3. d4 Nxe4 4. Bd3 Nxf2 5. Kxf2 f6 6. dxe5 fxe5 7. Nxe5 Qf6+
8. Nf3 Bc5+ 9. Kf1 O-O 10. Nc3 Qc6 11. Bc4+ Kh8 12. Qe2 h6 13. Nd5 b5 14. Bb3
Bb7 15. Bf4 Na6 16. a4 bxa4 17. Rxa4 Rf5 18. Be5 Qg6 19. h3 Qc6 20. Rg4 Rg8 21.
Nf4 Rxf4 22. Rxf4 Nb4 23. Bxg8 Kxg8 24. Rg4 g6 25. c4 h5 26. Rg3 Qe4 27. Qxe4
Bxe4 28. Bxc7 Bd3+ 29. Ke1 d5 30. Ne5 dxc4 31. Nxg6 Nc2+ 32. Kd1 Kh7 33. Nf4
Ne3+ 34. Kc1 Bd4 35. Rg5 h4 36. Be5 Bb6 37. Rh5+ Kg8 38. Rxh4 Bf5 39. g4 Be4 40.
Rh8+ Kf7 41. Re1 Bd3 42. Bd6 a5 43. Rb8 Ba7 44. Rb7+ Kf6 45. Rxa7 Kg5 46. Rxe3
Kh4 47. Be7# 1-0

[Event "Challenge"]
[Site "http://www.queenalice.com/game.php?id=116131"]
[Date "2006.10.12"]
[Round "-"]
[White "Felipecontender"]
[Black "deferreira"]
[Result "0-1"]
[WhiteElo "1807"]
[BlackElo "1651"]

1. d4 c5 2. Nf3 Qa5+ 3. Nc3 cxd4 4. Nxd4 Nf6 5. Bd2 e5 6. Nf5 Qb6 7. Na4 Qc6 8.
Nc3 g6 9. Ng3 d5 10. e4 Bd7 11. exd5 Nxd5 12. Bb5 Qe6 13. O-O Nxc3 14. Bxd7+
Nxd7 15. Bxc3 Be7 16. Re1 O-O 17. f4 Bc5+ 18. Kh1 Bf2 19. Re2 Bxg3 20. hxg3 f6
21. Qd2 Rac8 22. Rae1 Rcd8 23. fxe5 Nxe5 24. Qh6 Rfe8 25. Bxe5 fxe5 26. Rxe5
Qxe5 27. Rxe5 Rd1+ 28. Kh2 Rxe5 29. g4 Ra5 30. Qf4 Rd7 31. Qc4+ Rad5 32. Qb3 Kg7
33. c4 Rd3 34. Qb5 Kf6 35. g5+ Ke6 36. c5 R7d5 37. Qe8+ Kf5 38. Qf7+ Kxg5 39.
Qxh7 Rd7 40. Qg8 Re3 41. Qc8 Red3 42. Qb8 Rh7+ 43. Kg1 Re7 44. Qxa7 Rd1+ 45. Kh2
Rh7+ 46. Kg3 Rd3+ 47. Kf2 Rd2+ 48. Kg3 Rxb2 49. Qa3 Rb1 50. Qe3+ Kh5 51. Qe5+
Kh6 52. Qe3+ Kh5 53. Qe4 Rh1 54. Qg4+ Kh6 55. Qf4+ g5 56. Qf6+ Kh5 57. Qf5 Re7
58. Qf3+ Kg6 59. Qd5 Rhe1 60. a4 R1e3+ 61. Kh2 g4 62. Qd6+ Kf5 63. Qd5+ Kg6 64.
Qd6+ Kf5 65. a5 g3+ 0-1

[Event "Chadecogu"]
[Site "http://www.queenalice.com/game.php?id=117945"]
[Date "2006.10.17"]
[Round "-"]
[White "deferreira"]
[Black "alequis"]
[Result "1-0"]
[WhiteElo "1637"]
[BlackElo "1591"]

1. e4 e6 2. d4 d5 3. Nd2 Nc6 4. Ngf3 Nf6 5. e5 Ne4 6. Bd3 Bb4 7. O-O Nxd2 8.
Bxd2 O-O 9. c3 Be7 10. Qc2 g6 11. b4 a6 12. Rab1 Re8 13. a4 Bd7 14. Bh6 b6 15.
Qd2 Bf8 16. Bxf8 Rxf8 17. Qh6 f6 18. b5 axb5 19. axb5 Na5 20. Ra1 fxe5 21. Nxe5
Qe7 22. Rfe1 Nb3 23. Rxa8 Rxa8 24. h4 Qf8 25. Qxf8+ Kxf8 26. Nxd7+ Ke7 27. Ne5
Ra1 28. Rxa1 Nxa1 29. f3 Nb3 30. Kf2 Kf8 31. Bc2 Nd2 32. h5 gxh5 33. Bxh7 Kg7
34. Bc2 Kf6 35. Ke2 Nc4 36. Nxc4 dxc4 37. f4 Kg7 38. Ke3 h4 39. Ke4 Kf6 40. Kf3
h3 41. gxh3 Ke7 42. Kg4 Kd6 43. Be4 1-0

[Event "Nega da nega"]
[Site "http://www.queenalice.com/game.php?id=118739"]
[Date "2006.10.19"]
[Round "-"]
[White "deferreira"]
[Black "Surfgirlbrasil"]
[Result "1-0"]
[WhiteElo "1678"]
[BlackElo "1370"]

1. e4 e5 2. Nf3 d6 3. d4 d5 4. dxe5 dxe4 5. Qxd8+ Kxd8 6. Ng5 Be6 7. Nxe6+ fxe6
8. Bf4 Nc6 9. Nc3 Bb4 10. Bg5+ Nge7 11. O-O-O+ Kc8 12. Bc4 h6 13. Bxe7 Bxe7 14.
Bxe6+ Kb8 15. Nxe4 Nxe5 16. f4 Nc4 17. Bxc4 Rf8 18. Rd7 Re8 19. Bf7 Rd8 20. Rxe7
a5 21. Rd1 Ka7 22. Rxd8 Rxd8 23. a4 Rd4 24. b3 Kb6 25. c3 Rd3 26. Bc4 Re3 27.
Kd2 1-0

[Event "Challenge"]
[Site "http://www.queenalice.com/game.php?id=166309"]
[Date "2007.2.9"]
[Round "-"]
[White "alequis"]
[Black "deferreira"]
[Result "1-0"]
[WhiteElo "1742"]
[BlackElo "1689"]

1. e4 Nc6 2. d4 Nf6 3. e5 Nd5 4. Nf3 e6 5. a3 d6 6. Bb5 Be7 7. c4 Nb6 8. d5 a6
9. Bxc6+ bxc6 10. dxc6 Nxc4 11. exd6 Qxd6 12. Qxd6 Bxd6 13. b4 a5 14. b5 e5 15.
O-O O-O 16. Nc3 Be6 17. Re1 Rab8 18. Ng5 Bf5 19. Ra2 Rfd8 20. Nge4 Be7 21. a4
Bb4 22. Rf1 1-0